Labour Market and Social Consequences of Economic Reform in the Slovak Republic

Gespeichert in:
Bibliographische Detailangaben
1. Verfasser: Mihalik, Jozef
Körperschaft: Ekonomická univerzita v Bratislave. Národohospodárska fakulta
Format: Buch
Sprache:Englisch
Veröffentlicht: Bratislava EU 1993
Ausgabe:1. vyd.
Schlagworte:
Tags: Tag hinzufügen
Keine Tags, Fügen Sie das erste Tag hinzu!

MARC

LEADER 00000nam a2200000 4500
001 c003781
005 20221214082337.2
020 |a 80-225-0508-0 
041 0 |a eng 
044 |a SK 
245 1 0 |a Labour Market and Social Consequences of Economic Reform in the Slovak Republic  |c Jozef Mihalik a kol. 
250 |a 1. vyd. 
264 1 |a Bratislava  |b EU  |c 1993 
300 |a 365 s. 
610 2 0 |a trh práce 
610 2 0 |a politika sociálna 
610 2 0 |a reformy hospodárske 
610 2 0 |a Slovensko 
610 2 0 |a zmeny štruktúrne 
610 2 0 |a manažment 
610 2 0 |a transformácia 
610 2 0 |a Európa 
610 2 0 |a integrácia ekonomická 
610 2 0 |a kapitál ľudský 
610 2 0 |a prognózy hospodárske 
610 2 0 |a metóda input-output 
100 1 |a Mihalik, Jozef 
710 2 |a Ekonomická univerzita v Bratislave. Národohospodárska fakulta